Zsakó professzor úr
Elmentve itt :
| Szerző: | |
|---|---|
| Adatforrás: | Meister |
| Forrásdokumentuma: | A Hét. - 6 sz., 1997, 10 p. |
| Nyelv: | magyar |
| Kulcsszavak: | művelődéstörténet ZSAKÓ János |
| LEADER | 00348nab a2200133 i 4500 | ||
|---|---|---|---|
| 001 | bibPRO00006939 | ||
| 008 | 060524s1997 xx hun | ||
| 040 | |a Sz1 | ||
| 041 | |a hun | ||
| 100 | 1 | |a VÁRHELYI Csaba | |
| 245 | 1 | 0 | |a Zsakó professzor úr |c VÁRHELYI Csaba |
| 695 | |a művelődéstörténet | ||
| 695 | |a ZSAKÓ János | ||
| 773 | 0 | |t A Hét. - |g 6 sz., 1997, 10 p. | |